| 000 | 00676nam a22002297a 4500 | ||
|---|---|---|---|
| 003 | OSt | ||
| 005 | 20140310181930.0 | ||
| 008 | 130722t xxu||||| |||| 00| 0 eng d | ||
| 020 | _a0205159060 | ||
| 050 |
_aPE 1408 _b.D595 1997 |
||
| 082 |
_aTR 808.42 _bD595 1997 |
||
| 100 |
_aDodds, Jack _92675 |
||
| 245 |
_aThe ready refernces handbook / _cJack Dodds |
||
| 260 |
_aLondon : _bAllyn & Bacon, _cc1997. |
||
| 300 |
_a419 p. _c22 cm. |
||
| 521 | _aFaculty | ||
| 541 | _j1 | ||
| 562 | _e1 | ||
| 650 |
_aEnglish language _xRhetoric _xHandbooks,manuals,etc. _92676 |
||
| 650 |
_aEnglish language _xGrammar _xHandbooks, manuals, etc. _92677 |
||
| 942 |
_2lcc _cBK-TR _kTR |
||
| 999 |
_c7338 _d7338 |
||